00467nam a2200157Ia 4500100001600000650002700016942000700043654002000050245005300070260002800123082001500151300000800166546001200174999001700186952010600203 aDalal/M.K.  aElectrical Engineering cBK aElectrical engg aExperiments & practical work in electrical engg. bK.N.GokliaBombayc1965 a621.3bDal a401 aENGLISH c22290d22290 001040708AFTaCRCEbCRCEc1519 | 30d2023-03-17l0o621.3 DalpAFT2148r2023-03-17w2023-03-17yBK